000
00313nam a22001217a 4500
020
_a
9780073384108
100
_a
LANGHAN JOHN
245
_a
ENGLISH SKILLS
250
_a
9TH ED. annotated instructor's edition
260
_a
NEW YORK, USA
_b
McGRAW-HILL HIGHER EDUCATION
_c
2008
300
_a
648
_b
ILL
942
_c
BK
999
_c
251037
_d
251037